[Event "Ontario op U2200"]
[Site "Toronto CAN"]
[Date "2022.05.23"]
[Round "5.17"]
[White "Adriaanse, Adam"]
[Black "Ganea, Mihai"]
[Result "1/2-1/2"]
[WhiteElo "2194"]
[BlackElo "1954"]
[PlyCount "158"]
[EventDate "2022.05.21"]
[EventType "swiss"]
[EventRounds "6"]
[EventCountry "CAN"]

1. d4 e6 2. c4 Nf6 3. Nf3 Bb4+ 4. Nbd2 d5 5. Qa4+ Nc6 6. a3 Be7 7. e3 O-O 8.
Bd3 Bd7 9. Qc2 b6 10. b4 dxc4 11. Nxc4 a5 12. b5 Na7 13. a4 c6 14. bxc6 Nxc6
15. Nfe5 Nb4 16. Qb1 Nxd3+ 17. Qxd3 Be8 18. Ba3 Bxa3 19. Qxa3 Nd5 20. O-O Nb4
21. Rfc1 f6 22. Nd3 b5 23. axb5 Nxd3 24. Qxd3 Bxb5 25. Qb3 Bxc4 26. Qxc4 Qd7
27. h3 Rfc8 28. Rxa5 Rxa5 29. Qxc8+ Qxc8 30. Rxc8+ Kf7 31. Rc7+ Kg6 32. Rc5 Ra2
33. g4 Ra7 34. Kg2 Kf7 35. h4 Rb7 36. Kg3 Rd7 37. Kf4 Rb7 38. g5 Rd7 39. Ra5
Rb7 40. Ra2 Rc7 41. Rb2 Ra7 42. Rc2 Rb7 43. h5 Ra7 44. h6 gxh6 45. gxf6 Kxf6
46. Rc6 Rd7 47. Rc5 Rd8 48. Rc7 Rd5 49. Rxh7 Rf5+ 50. Kg3 Rg5+ 51. Kf3 Rf5+ 52.
Ke2 h5 53. Rh6+ Ke7 54. f4 Ra5 55. Kf3 Rb5 56. Rh7+ Kf6 57. Rc7 Rb1 58. Rc5 Rh1
59. d5 exd5 60. Rxd5 Rf1+ 61. Kg2 Re1 62. Kf2 Rh1 63. e4 Rh3 64. Rg5 h4 65. Ra5
Ke6 66. Ra6+ Kf7 67. e5 Ke7 68. f5 Rg3 69. Ra7+ Ke8 70. Ra8+ Kf7 71. e6+ Kf6
72. Rf8+ Ke7 73. Rf7+ Ke8 74. f6 Rg6 75. Ke3 h3 76. Kd4 h2 77. Rh7 Rxf6 78. Ke5
Rf1 79. Rxh2 Re1+ 1/2-1/2

[Event "Ontario op U2200"]
[Site "Toronto CAN"]
[Date "2022.05.23"]
[Round "5.18"]
[White "Xu, Eddie"]
[Black "Zheng, Victor"]
[Result "0-1"]
[WhiteElo "2091"]
[BlackElo "1918"]
[PlyCount "120"]
[EventDate "2022.05.21"]
[EventType "swiss"]
[EventRounds "6"]
[EventCountry "CAN"]

1. d4 Nf6 2. c4 g6 3. Nc3 Bg7 4. e4 d6 5. f3 O-O 6. Be3 c5 7. Nge2 Nc6 8. d5
Ne5 9. Ng3 e6 10. Be2 exd5 11. cxd5 a6 12. a4 Rb8 13. Qd2 Re8 14. O-O Bd7 15.
Bg5 c4 16. f4 Qb6+ 17. Kh1 Neg4 18. Bf3 Qe3 19. Qxe3 Nxe3 20. Rf2 Neg4 21. Re2
h6 22. Bh4 h5 23. h3 Nh6 24. a5 b5 25. axb6 Rxb6 26. Rd2 Reb8 27. Ra2 Ne8 28.
Nge2 Nc7 29. Bf2 R6b7 30. Bd4 f6 31. Kg1 Nf7 32. Kf2 Nb5 33. Be3 Nxc3 34. bxc3
Ra8 35. Nd4 f5 36. exf5 Bxf5 37. Nxf5 gxf5 38. Bxh5 Bxc3 39. Rdc2 Rb3 40. Be2
Be1+ 41. Kxe1 Rxe3 42. Kf2 Re4 43. Rxc4 Rxc4 44. Bxc4 a5 45. Ke3 Kg7 46. Kd4
Nd8 47. Bd3 Kf6 48. g4 fxg4 49. hxg4 a4 50. Ra3 Nb7 51. g5+ Kf7 52. Bc2 Nc5 53.
Bd1 Rb8 54. Kc3 Kg7 55. Bc2 Re8 56. f5 Ne4+ 57. Kd4 Nxg5 58. Rg3 Kf6 59. Bxa4
Re4+ 60. Kd3 Rxa4 0-1

[Event "Ontario op U2200"]
[Site "Toronto CAN"]
[Date "2022.05.23"]
[Round "5.19"]
[White "Shih, Matthew"]
[Black "Kim, Noah"]
[Result "1-0"]
[WhiteElo "1985"]
[BlackElo "1884"]
[PlyCount "69"]
[EventDate "2022.05.21"]
[EventType "swiss"]
[EventRounds "6"]
[EventCountry "CAN"]

1. c4 Nf6 2. Nc3 g6 3. d4 Bg7 4. Nf3 O-O 5. Bg5 d6 6. e3 Nbd7 7. Be2 e5 8. O-O
Re8 9. Qc2 c6 10. Rfd1 Qc7 11. Rac1 h6 12. Bh4 g5 13. Bg3 Nh5 14. dxe5 Nxg3 15.
hxg3 Nxe5 16. Ne4 Bf5 17. Nf6+ Bxf6 18. Qxf5 Nxf3+ 19. gxf3 Bxb2 20. Rb1 Bg7
21. Bd3 Qe7 22. Kg2 Rab8 23. f4 Qf6 24. fxg5 Qxg5 25. Qh7+ Kf8 26. Rh1 Ke7 27.
Rh4 Rh8 28. Qe4+ Kf8 29. Qf3 Rg8 30. Rf4 Qe7 31. Bg6 f6 32. Re4 Qd7 33. Qf4 Rd8
34. Rxb7 Qxb7 35. Qxd6+ 1-0

[Event "Ontario op U2200"]
[Site "Toronto CAN"]
[Date "2022.05.23"]
[Round "5.20"]
[White "Mahtani, Nitin"]
[Black "Malmsten, Erik"]
[Result "1/2-1/2"]
[WhiteElo "1773"]
[BlackElo "1975"]
[PlyCount "65"]
[EventDate "2022.05.21"]
[EventType "swiss"]
[EventRounds "6"]
[EventCountry "CAN"]

1. d4 c6 2. c4 g6 3. Nc3 Bg7 4. Nf3 d5 5. e3 Nf6 6. Bd3 O-O 7. O-O Bg4 8. h3
Bxf3 9. Qxf3 e6 10. b3 Nbd7 11. Bb2 Re8 12. Rfd1 Qa5 13. Qg3 e5 14. cxd5 cxd5
15. dxe5 Nxe5 16. Bb5 Nh5 17. Qh4 Red8 18. b4 Qb6 19. Nxd5 Qxb5 20. Ne7+ Kh8
21. Nxg6+ hxg6 22. Rxd8+ Rxd8 23. Qxd8+ Kh7 24. Qe7 Qd5 25. Bd4 Bf6 26. Qc5 Qe4
27. Rd1 b6 28. Qc7 Kg7 29. f3 Nxf3+ 30. gxf3 Qxf3 31. Rf1 Qxh3 32. Rf2 Qg4+ 33.
Kh2 1/2-1/2

[Event "Ontario op U2200"]
[Site "Toronto CAN"]
[Date "2022.05.23"]
[Round "5.21"]
[White "Dai, Wenzhi"]
[Black "Chen, Richard"]
[Result "1/2-1/2"]
[WhiteElo "2177"]
[BlackElo "1910"]
[PlyCount "74"]
[EventDate "2022.05.21"]
[EventType "swiss"]
[EventRounds "6"]
[EventCountry "CAN"]

1. e4 e5 2. Nf3 Nc6 3. Bb5 a6 4. Ba4 Nf6 5. O-O b5 6. Bb3 Be7 7. Re1 O-O 8. c3
d6 9. d4 Bg4 10. Be3 Na5 11. Bc2 Nc4 12. Bc1 c5 13. b3 Nb6 14. dxe5 Bxf3 15.
Qxf3 dxe5 16. Nd2 c4 17. Nf1 Nfd7 18. Ne3 Nc5 19. Nf5 Ne6 20. Qg3 Qc7 21. Nxe7+
Qxe7 22. Qxe5 Rfd8 23. Be3 Nd7 24. Qg3 Qf6 25. Rac1 Qxc3 26. e5 Qxe5 27. Qh4
Qf6 28. Qxh7+ Kf8 29. bxc4 bxc4 30. h4 Ne5 31. Bg5 Nxg5 32. hxg5 Qxg5 33. Qh8+
Ke7 34. Qh2 Kf6 35. Be4 Rh8 36. Qg3 Qxg3 37. fxg3 Rad8 1/2-1/2

[Event "Ontario op U2200"]
[Site "Toronto CAN"]
[Date "2022.05.23"]
[Round "5.22"]
[White "Nazareno, Merlin"]
[Black "Mendes, Aaron Reeve"]
[Result "0-1"]
[WhiteElo "2083"]
[BlackElo "1959"]
[PlyCount "92"]
[EventDate "2022.05.21"]
[EventType "swiss"]
[EventRounds "6"]
[EventCountry "CAN"]

1. e4 c5 2. Nf3 d6 3. d4 cxd4 4. Nxd4 Nf6 5. Nc3 a6 6. Be2 e5 7. Nb3 h6 8. f4
Be7 9. O-O O-O 10. Kh1 b5 11. Be3 Bb7 12. Bf3 Nbd7 13. Qd3 Rc8 14. Rad1 Qc7 15.
Rf2 Rfe8 16. g4 b4 17. Nd5 Bxd5 18. exd5 e4 19. Bxe4 Nxe4 20. Qxe4 Bh4 21. Qf3
Bxf2 22. Bxf2 Qxc2 23. Rd2 Qb1+ 24. Kg2 Qxa2 25. Nd4 Nf6 26. Nf5 Ne4 27. Re2
Qxd5 28. Bh4 Nf6 29. Ne7+ Rxe7 30. Rxe7 Rc2+ 31. Bf2 Qxf3+ 32. Kxf3 Nxg4 33.
Re8+ Kh7 34. Bd4 Nxh2+ 35. Kg3 Nf1+ 36. Kg4 Rc4 37. Bg1 g5 38. Re2 Rxf4+ 39.
Kh3 d5 40. Kg2 d4 41. Bxd4 Rxd4 42. Kxf1 a5 43. Ke1 a4 44. Re7 Kg6 45. Ra7 b3
46. Ke2 h5 0-1

[Event "Ontario op U2200"]
[Site "Toronto CAN"]
[Date "2022.05.23"]
[Round "5.23"]
[White "Bui, Alan"]
[Black "Oancea, Nicolae"]
[Result "1-0"]
[WhiteElo "2117"]
[BlackElo "1830"]
[PlyCount "101"]
[EventDate "2022.05.21"]
[EventType "swiss"]
[EventRounds "6"]
[EventCountry "CAN"]

1. d4 Nf6 2. Nf3 d5 3. Bf4 Nc6 4. e3 e6 5. Nbd2 Bd6 6. Bg3 Ne7 7. Bd3 Ng6 8.
Ne5 Bxe5 9. dxe5 Nd7 10. Nf3 Nc5 11. h4 Nxd3+ 12. Qxd3 h6 13. Rd1 c6 14. O-O
Qa5 15. a3 b6 16. Qd4 O-O 17. Qg4 c5 18. e4 d4 19. h5 Nh8 20. Bh4 Kh7 21. Qf4
Bd7 22. g4 Ng6 23. hxg6+ fxg6 24. Bf6 gxf6 25. exf6 Be8 26. Kg2 g5 27. Nxg5+
Kg6 28. e5 Bc6+ 29. Nf3 Rf7 30. Rh1 Rh8 31. Qh2 h5 32. Qg3 Rfh7 33. Rxh5 Kf7
34. Rdh1 Rxh5 35. Rxh5 Rg8 36. Rh7+ Kf8 37. Qh4 Qd2 38. Rf7+ Ke8 39. Re7+ Kd8
40. Rg7 Rf8 41. Rg8 Bxf3+ 42. Kxf3 Qd1+ 43. Kg2 Qxc2 44. Rxf8+ Kc7 45. Rf7+ Kc6
46. Qh7 Qd1 47. Qe4+ Kb5 48. Rd7 Qd2 49. f7 Qh6 50. Qd3+ Kc6 51. Qf3+ 1-0

[Event "Ontario op U2200"]
[Site "Toronto CAN"]
[Date "2022.05.23"]
[Round "5.24"]
[White "Laughlin, Braden"]
[Black "Ishow, Younan"]
[Result "0-1"]
[WhiteElo "1908"]
[BlackElo "2146"]
[PlyCount "81"]
[EventDate "2022.05.21"]
[EventType "swiss"]
[EventRounds "6"]
[EventCountry "CAN"]

1. e4 c6 2. d4 d5 3. e5 Bf5 4. h4 h5 5. Bd3 Qc8 6. Ne2 g6 7. Bxf5 Qxf5 8. Ng3
Qc8 9. Nd2 Na6 10. Nf3 e6 11. O-O Nh6 12. Bg5 Be7 13. Bxe7 Kxe7 14. Ng5 Nc7 15.
Ne2 Ne8 16. Nf4 Ng7 17. g3 Ngf5 18. Ngxe6 fxe6 19. Nxg6+ Kd7 20. Nxh8 Qxh8 21.
Qxh5 Nxd4 22. c4 Ndf5 23. cxd5 cxd5 24. Qe2 a6 25. Rac1 Nd4 26. Qh5 Qg7 27.
Rfe1 Nhf5 28. Rc3 Nc6 29. Rec1 Rh8 30. Qg5 Qxe5 31. g4 Nxh4 32. Qxe5 Nxe5 33.
Rc7+ Kd6 34. Rxb7 Nxg4 35. Rb6+ Ke7 36. Rc7+ Kf6 37. Rcc6 Nf3+ 38. Kg2 Nd4 39.
Rd6 Kf5 40. Rxa6 Rh2+ 41. Kg3 0-1

[Event "Ontario op U2200"]
[Site "Toronto CAN"]
[Date "2022.05.23"]
[Round "5.26"]
[White "Wu, Benjamin"]
[Black "Yuen, Noah Nathaniel"]
[Result "1/2-1/2"]
[WhiteElo "1828"]
[BlackElo "1948"]
[PlyCount "65"]
[EventDate "2022.05.21"]
[EventType "swiss"]
[EventRounds "6"]
[EventCountry "CAN"]

1. e4 c5 2. Nc3 Nc6 3. g3 g6 4. Bg2 Bg7 5. Nge2 e6 6. O-O Nge7 7. Re1 O-O 8. d3
d6 9. Be3 Nd4 10. Qd2 Rb8 11. Nd1 b5 12. c3 Nxe2+ 13. Rxe2 b4 14. Bh6 bxc3 15.
bxc3 Ba6 16. Bxg7 Kxg7 17. Ne3 Nc6 18. f4 Qb6 19. Rf1 Kh8 20. Kh1 Rbd8 21. Ref2
f5 22. g4 fxe4 23. Bxe4 d5 24. Bg2 d4 25. Nc2 dxc3 26. Qxc3+ Nd4 27. Nxd4 Rxd4
28. Be4 Qb4 29. Qxb4 cxb4 30. Rb1 Rc8 31. Rfb2 Bxd3 32. Bxd3 Rxd3 33. Rxb4
1/2-1/2

[Event "Ontario op U2200"]
[Site "Toronto CAN"]
[Date "2022.05.23"]
[Round "5.27"]
[White "Li, Ande"]
[Black "Faraji, Jafar"]
[Result "0-1"]
[WhiteElo "1675"]
[BlackElo "1941"]
[PlyCount "84"]
[EventDate "2022.05.21"]
[EventType "swiss"]
[EventRounds "6"]
[EventCountry "CAN"]

1. e4 c6 2. d4 d5 3. e5 Bf5 4. h4 h5 5. c4 e6 6. Nc3 dxc4 7. Bxc4 Nd7 8. Bd3
Bxd3 9. Qxd3 Nxe5 10. Qe4 Ng6 11. Bg5 Nf6 12. Qe3 Be7 13. f3 Nd5 14. Nxd5 Qxd5
15. Ne2 O-O-O 16. O-O f6 17. Bf4 e5 18. Bg3 exd4 19. Qd3 Ne5 20. Qf5+ Qd7 21.
Qxd7+ Rxd7 22. Nf4 Bc5 23. Bf2 Bb6 24. Rfd1 d3 25. Ne6 Bxf2+ 26. Kxf2 Re8 27.
Nc5 Rd5 28. b4 b6 29. Ne4 f5 30. Ng3 g6 31. Nf1 Nc4 32. Rac1 Re2+ 33. Kg3 b5
34. a4 d2 35. Rb1 bxa4 36. Kh3 a3 37. Ng3 Re8 38. Nf1 Red8 39. Kg3 Nb2 40. Ne3
Rd3 41. Nc2 Nxd1 42. Rxd1 Rc3 0-1

[Event "Ontario op U2200"]
[Site "Toronto CAN"]
[Date "2022.05.23"]
[Round "5.29"]
[White "Lu, Eddie"]
[Black "Southam, David"]
[Result "1/2-1/2"]
[WhiteElo "1646"]
[BlackElo "2087"]
[PlyCount "107"]
[EventDate "2022.05.21"]
[EventType "swiss"]
[EventRounds "6"]
[EventCountry "CAN"]

1. Nf3 d5 2. c4 c6 3. b3 Bf5 4. Bb2 e6 5. d3 h6 6. g3 Nf6 7. Bg2 Be7 8. O-O O-O
9. Nbd2 Bh7 10. Re1 Nbd7 11. d4 Ne4 12. e3 a5 13. Nxe4 Bxe4 14. a3 b5 15. Nd2
Bxg2 16. Kxg2 a4 17. cxb5 cxb5 18. b4 Nb6 19. f4 Qd7 20. Rc1 Rac8 21. Qe2 Rxc1
22. Rxc1 Rc8 23. Qf1 Bd6 24. Rxc8+ Nxc8 25. Qc1 Ne7 26. Nf3 f6 27. Qc3 Nc8 28.
Nd2 Bf8 29. Qc1 Nd6 30. Qc3 Qb7 31. Bc1 Nc4 32. Nf3 Bd6 33. Kf2 Qf7 34. Qc2 Qh5
35. Qd3 Qf7 36. Qc2 e5 37. Qf5 g6 38. Qc2 e4 39. Nd2 Qe6 40. Nxc4 dxc4 41. Bb2
Kg7 42. Bc3 g5 43. Kg2 gxf4 44. gxf4 Kh7 45. h3 Qf5 46. Qe2 h5 47. Kh2 Kg7 48.
Kg2 Kf7 49. Qf2 Bf8 50. Qg3 Bh6 51. Kh2 Qg6 52. Qxg6+ Kxg6 53. Kg3 f5 54. h4
1/2-1/2

[Event "Ontario op U2200"]
[Site "Toronto CAN"]
[Date "2022.05.23"]
[Round "5.30"]
[White "Douglas, Richard"]
[Black "Orlovskii, Konstantin"]
[Result "0-1"]
[WhiteElo "2054"]
[BlackElo "1734"]
[PlyCount "58"]
[EventDate "2022.05.21"]
[EventType "swiss"]
[EventRounds "6"]
[EventCountry "CAN"]

1. b4 Nf6 2. Bb2 d5 3. e3 Bf5 4. Nf3 e6 5. c4 Nbd7 6. c5 c6 7. Be2 a5 8. a3
axb4 9. axb4 Rxa1 10. Bxa1 Qa8 11. Bc3 Qa2 12. d3 Be7 13. O-O O-O 14. Nd4 Bg6
15. f4 e5 16. Nb3 d4 17. exd4 exf4 18. Na5 Nd5 19. Bd2 Bf6 20. Bxf4 Bxd4+ 21.
Kh1 Nxb4 22. Nxb7 Re8 23. Nd2 Nd5 24. Nd6 Nc3 25. Qb3 Rxe2 26. Qb7 Nf8 27. Nf3
Rb2 28. Nc8 Bf6 29. Bd6 Rb1 0-1

[Event "Ontario op U2200"]
[Site "Toronto CAN"]
[Date "2022.05.23"]
[Round "5.31"]
[White "Flores, Marc"]
[Black "Lefort, Victor"]
[Result "0-1"]
[WhiteElo "1894"]
[BlackElo "1755"]
[PlyCount "76"]
[EventDate "2022.05.21"]
[EventType "swiss"]
[EventRounds "6"]
[EventCountry "CAN"]

1. d4 Nf6 2. Nf3 g6 3. c4 Bg7 4. Nc3 O-O 5. Bg5 h6 6. Bf4 c5 7. e3 cxd4 8. exd4
d5 9. Be2 Nc6 10. O-O dxc4 11. h3 Nd5 12. Be3 Nxe3 13. fxe3 Qb6 14. Na4 Qa5 15.
Rc1 b5 16. Nc3 Qb6 17. Kh1 Bb7 18. b3 cxb3 19. Qxb3 a6 20. Na4 Qa7 21. Nc5 e6
22. Nd2 Ne7 23. a4 Bd5 24. Qa3 Nf5 25. Kg1 b4 26. Qd3 Ng3 27. Rfe1 a5 28. Bf3
Bxf3 29. gxf3 Rfd8 30. Ndb3 Qe7 31. Kh2 Qh4 32. Red1 Nf5 33. Rg1 Qf2+ 34. Rg2
Qxf3 35. Re1 Nh4 36. Rc2 Be5+ 37. Kg1 Qxh3 38. Nd2 Bh2+ 0-1

[Event "Ontario op U2200"]
[Site "Toronto CAN"]
[Date "2022.05.23"]
[Round "5.32"]
[White "Cater, Brendan"]
[Black "Jeyakumar, Bhavatharshan"]
[Result "1-0"]
[WhiteElo "1916"]
[BlackElo "1827"]
[PlyCount "55"]
[EventDate "2022.05.21"]
[EventType "swiss"]
[EventRounds "6"]
[EventCountry "CAN"]

1. e4 c5 2. Nf3 e6 3. b4 cxb4 4. d4 d5 5. e5 Nc6 6. a3 Qb6 7. axb4 Bxb4+ 8. c3
Be7 9. Bd3 f6 10. O-O fxe5 11. dxe5 Bc5 12. Ng5 Nxe5 13. Bc2 Nf6 14. Qe2 Nf7
15. Ba4+ Ke7 16. h4 Rd8 17. Nd2 a6 18. Rb1 Qc7 19. Nb3 Bd6 20. Nd4 e5 21. Bc2
Re8 22. Bf5 Bxf5 23. Nxf5+ Kf8 24. Nxf7 Ne4 25. N7xd6 Nxd6 26. Ba3 Rad8 27. Qf3
Kg8 28. Qxd5+ 1-0

[Event "Ontario op U2200"]
[Site "Toronto CAN"]
[Date "2022.05.23"]
[Round "6.17"]
[White "Ganea, Mihai"]
[Black "Shih, Matthew"]
[Result "0-1"]
[WhiteElo "1954"]
[BlackElo "1985"]
[PlyCount "34"]
[EventDate "2022.05.21"]
[EventType "swiss"]
[EventRounds "6"]
[EventCountry "CAN"]

1. c4 e5 2. g3 Nf6 3. Bg2 Nc6 4. Nc3 Bc5 5. Nf3 O-O 6. Nxe5 Bxf2+ 7. Kxf2 Nxe5
8. b3 Nfg4+ 9. Kg1 Qf6 10. Ne4 Nf3+ 11. Bxf3 Qxa1 12. Bxg4 f5 13. Nc3 fxg4 14.
Qc2 b5 15. Kg2 Bb7+ 16. e4 b4 17. Bb2 Rf2+ 0-1

[Event "Ontario op U2200"]
[Site "Toronto CAN"]
[Date "2022.05.23"]
[Round "6.18"]
[White "Zheng, Victor"]
[Black "Adriaanse, Adam"]
[Result "1-0"]
[WhiteElo "1918"]
[BlackElo "2194"]
[PlyCount "59"]
[EventDate "2022.05.21"]
[EventType "swiss"]
[EventRounds "6"]
[EventCountry "CAN"]

1. Nf3 d5 2. g3 Bg4 3. Bg2 Nf6 4. O-O e6 5. d4 c5 6. c4 Nc6 7. cxd5 Nxd5 8. Ne5
Nxe5 9. dxe5 Qd7 10. h3 Bh5 11. g4 Bg6 12. Qb3 Bxb1 13. Rxb1 Rd8 14. Rd1 Qc6
15. Bg5 Be7 16. Bxe7 Kxe7 17. Qa3 Qc7 18. Rbc1 b6 19. Qg3 Rhe8 20. Be4 Kf8 21.
h4 g6 22. h5 Nb4 23. hxg6 Rxd1+ 24. Rxd1 hxg6 25. Qf4 Nc6 26. Bxc6 Qxc6 27. Rd3
c4 28. Qh6+ Ke7 29. Qg5+ Kf8 30. Rh3 1-0

[Event "Ontario op U2200"]
[Site "Toronto CAN"]
[Date "2022.05.23"]
[Round "6.19"]
[White "Mendes, Aaron Reeve"]
[Black "Mahtani, Nitin"]
[Result "1-0"]
[WhiteElo "1959"]
[BlackElo "1773"]
[PlyCount "115"]
[EventDate "2022.05.21"]
[EventType "swiss"]
[EventRounds "6"]
[EventCountry "CAN"]

1. e4 c6 2. c4 d5 3. exd5 cxd5 4. cxd5 Nf6 5. Nc3 Nxd5 6. Bc4 Nb6 7. Bb3 Nc6 8.
Nf3 g6 9. d4 Bg7 10. Be3 O-O 11. h3 Na5 12. Bc2 Nac4 13. b3 Nxe3 14. fxe3 Qc7
15. Qd2 Bd7 16. Rc1 Qg3+ 17. Qf2 Qxf2+ 18. Kxf2 Rfc8 19. Be4 Bc6 20. g4 e6 21.
Bxc6 Rxc6 22. e4 Rac8 23. Ne2 f6 24. Rxc6 Rxc6 25. Rc1 Rxc1 26. Nxc1 Kf7 27.
Nd3 Nd7 28. h4 h6 29. b4 b6 30. b5 Bf8 31. g5 hxg5 32. hxg5 Be7 33. gxf6 Bxf6
34. Nb4 e5 35. dxe5 Bxe5 36. Nc6 Bf4 37. Nxa7 Nc5 38. Nd4 g5 39. Kf3 Na4 40.
Nc8 Bc7 41. Kg4 Kf6 42. Ne2 Be5 43. Ng1 Nc3 44. Nxb6 Bd4 45. Nd7+ Ke6 46. Nf8+
Kd6 47. Nf3 Nxb5 48. a4 Nc3 49. Nxd4 Nxa4 50. Kxg5 Nc5 51. e5+ Ke7 52. Ng6+ Kf7
53. Kf5 Kg7 54. Kg5 Kf7 55. Nf4 Ke7 56. Nf5+ Kf7 57. Ng3 Ke8 58. Nd5 {...} 1-0

[Event "Ontario op U2200"]
[Site "Toronto CAN"]
[Date "2022.05.23"]
[Round "6.20"]
[White "Malmsten, Erik"]
[Black "Dai, Wenzhi"]
[Result "0-1"]
[WhiteElo "1975"]
[BlackElo "2177"]
[PlyCount "128"]
[EventDate "2022.05.21"]
[EventType "swiss"]
[EventRounds "6"]
[EventCountry "CAN"]

1. e4 e6 2. f4 d5 3. e5 c5 4. Bb5+ Bd7 5. Bxd7+ Nxd7 6. Nc3 Ne7 7. Nf3 Nf5 8.
O-O Be7 9. d3 Qb6 10. Rb1 h5 11. Bd2 h4 12. Qe1 c4+ 13. d4 Nxd4 14. Nxd4 Bc5
15. Nce2 Bxd4+ 16. Nxd4 Qxd4+ 17. Kh1 h3 18. Bc3 hxg2+ 19. Kxg2 Qb6 20. Rd1 Qc6
21. Bd4 Nc5 22. Qb4 Ne4 23. a4 a5 24. Qb5 Qxb5 25. axb5 a4 26. Ra1 Ra5 27. Rf3
Kd7 28. Rfa3 Rha8 29. Kf3 g6 30. Kg4 Kc7 31. b6+ Kc6 32. b4 axb3 33. Rxa5 Rxa5
34. Rxa5 bxc2 35. Ra1 Nd2 36. Be3 Nb3 37. Ra8 d4 38. Ra2 dxe3 39. Rxc2 Kd5 40.
Kg5 Kd4 41. Kf6 Kd3 42. Rg2 e2 43. Rg1 Kd2 44. Kxf7 e1=Q 45. Rxe1 Kxe1 46. Kxg6
Nd4 47. h4 c3 48. h5 c2 49. h6 c1=Q 50. h7 Qxf4 51. h8=Q Qf5+ 52. Kh6 Qh3+ 53.
Kg7 Qxh8+ 54. Kxh8 Nc6 55. Kg7 Nxe5 56. Kf6 Nd7+ 57. Kxe6 Nxb6 58. Kd6 Nc8+ 59.
Kc5 b6+ 60. Kc4 Kd2 61. Kb4 Kd3 62. Kb3 Kd4 63. Kb4 Nd6 64. Kb3 Kc5 0-1

[Event "Ontario op U2200"]
[Site "Toronto CAN"]
[Date "2022.05.23"]
[Round "6.21"]
[White "Ishow, Younan"]
[Black "Lu, Tony"]
[Result "1/2-1/2"]
[WhiteElo "2146"]
[BlackElo "1765"]
[PlyCount "72"]
[EventDate "2022.05.21"]
[EventType "swiss"]
[EventRounds "6"]
[EventCountry "CAN"]

1. e4 e6 2. d4 d5 3. exd5 exd5 4. Be3 Nf6 5. Nf3 Bd6 6. Bd3 Bg4 7. Nbd2 Nbd7 8.
c3 c6 9. Qb3 Qc7 10. h3 Bh5 11. O-O Bg6 12. c4 O-O 13. Rfe1 Rfe8 14. Rac1 Nf8
15. c5 Be7 16. Ne5 Bxd3 17. Qxd3 Ng6 18. Ndf3 Ne4 19. b4 Bf6 20. Ng4 Bd8 21. b5
f5 22. Nge5 Bf6 23. Nxg6 hxg6 24. bxc6 bxc6 25. Rb1 g5 26. Rb3 f4 27. Bc1 Re7
28. Rd1 Rae8 29. Nh2 Qa5 30. Ng4 Qxa2 31. f3 Ng3 32. Nxf6+ gxf6 33. Qg6+ Kh8
34. Qh6+ Kg8 35. Qg6+ Kh8 36. Qh6+ Kg8 1/2-1/2

[Event "Ontario op U2200"]
[Site "Toronto CAN"]
[Date "2022.05.23"]
[Round "6.22"]
[White "Faraji, Jafar"]
[Black "Bui, Alan"]
[Result "0-1"]
[WhiteElo "1941"]
[BlackElo "2117"]
[PlyCount "84"]
[EventDate "2022.05.21"]
[EventType "swiss"]
[EventRounds "6"]
[EventCountry "CAN"]

1. Nf3 d5 2. d4 Nf6 3. g3 e6 4. Bg2 Be7 5. O-O O-O 6. b3 c5 7. dxc5 Bxc5 8. Bb2
Nc6 9. Nbd2 Qe7 10. c4 Rd8 11. Qc2 d4 12. a3 a5 13. Ng5 h6 14. Nge4 Ba7 15.
Nxf6+ Qxf6 16. e4 e5 17. Qd3 Rb8 18. f4 Bd7 19. Kh1 Be8 20. f5 Ne7 21. b4 b5
22. c5 Nc6 23. Qb3 Qg5 24. Bc1 Qe3 25. Qxe3 dxe3 26. Nf3 e2 27. Re1 Rd1 28. Bb2
f6 29. Kg1 axb4 30. axb4 Nxb4 31. Rxa7 Nd3 32. Ra1 Nxb2 33. Rb1 Nd3 34. Rexd1
exd1=Q+ 35. Rxd1 Nxc5 36. Nd2 b4 37. Rc1 Na4 38. Rb1 Nc3 39. Rb2 Bf7 40. Bf1
Na4 41. Rb1 b3 42. Rxb3 Rxb3 0-1

[Event "Ontario op U2200"]
[Site "Toronto CAN"]
[Date "2022.05.23"]
[Round "6.23"]
[White "Chen, Richard"]
[Black "Xu, Eddie"]
[Result "0-1"]
[WhiteElo "1910"]
[BlackElo "2091"]
[PlyCount "106"]
[EventDate "2022.05.21"]
[EventType "swiss"]
[EventRounds "6"]
[EventCountry "CAN"]

1. e4 e5 2. Nf3 Nc6 3. Bb5 a6 4. Ba4 Nf6 5. O-O Be7 6. Re1 b5 7. Bb3 d6 8. c3
O-O 9. d4 Re8 10. Bd5 Nxd5 11. exd5 Nb8 12. dxe5 dxe5 13. Rxe5 Nd7 14. Re2 Bb7
15. Bf4 Nf6 16. Nbd2 Nxd5 17. Bg3 c5 18. Qc2 Bf8 19. Rxe8 Qxe8 20. Re1 Qc6 21.
Qe4 Qb6 22. Ng5 Nf6 23. Qf5 h6 24. Nge4 Re8 25. f3 Nxe4 26. Nxe4 Bc8 27. Qh5
Qc6 28. Rd1 Be6 29. Bf2 Bxa2 30. Kh1 Rc8 31. Be3 Bb3 32. Rd2 a5 33. g4 Re8 34.
Qf5 Be6 35. Qh5 Bc8 36. Kg1 Rxe4 37. fxe4 Qxe4 38. Kf2 Be7 39. h3 Bb7 40. Bxc5
Bg5 41. Re2 Qg2+ 42. Ke1 Qh1+ 43. Kf2 g6 44. Re8+ Kh7 45. Bd4 Qg2+ 46. Ke1 Bd2+
47. Kd1 Bf3+ 48. Kc2 Be3+ 49. Kb1 Be4+ 50. Ka2 Bd5+ 51. Ka3 Bxd4 52. Qh4 Bc5+
53. b4 Qa2# 0-1

[Event "Ontario op U2200"]
[Site "Toronto CAN"]
[Date "2022.05.23"]
[Round "6.24"]
[White "Kim, Noah"]
[Black "Nazareno, Merlin"]
[Result "1-0"]
[WhiteElo "1884"]
[BlackElo "2083"]
[PlyCount "93"]
[EventDate "2022.05.21"]
[EventType "swiss"]
[EventRounds "6"]
[EventCountry "CAN"]

1. d4 Nf6 2. c4 e5 3. dxe5 Ng4 4. e4 d6 5. exd6 Bxd6 6. Be2 h5 7. Nf3 Nc6 8. h3
Nf6 9. Nc3 Qe7 10. Bg5 Bb4 11. e5 Nxe5 12. O-O Bxc3 13. bxc3 O-O 14. Re1 Nxf3+
15. Bxf3 Qc5 16. Bxf6 gxf6 17. Qd5 Qxd5 18. cxd5 Bf5 19. Re7 Rac8 20. Bxh5 a6
21. Rd1 b5 22. Rd4 c5 23. Rf4 Bg6 24. Bg4 Rcd8 25. Rxf6 Kg7 26. Rxa6 Rxd5 27.
Raa7 Rd3 28. Be2 Rxc3 29. Bxb5 c4 30. Rac7 Rc1+ 31. Kh2 c3 32. Re3 c2 33. Bd3
Rb8 34. Bxg6 Kxg6 35. Rec3 Rb2 36. a4 Ra2 37. a5 Rf1 38. Rxc2 Rxa5 39. R7c4 f5
40. Rf4 Kg5 41. Kg3 Ra3+ 42. f3 Ra5 43. h4+ Kh5 44. Rc6 Rd1 45. Rb4 Rd7 46.
Rbb6 Rg7+ 47. Kh3 1-0

[Event "Ontario op U2200"]
[Site "Toronto CAN"]
[Date "2022.05.23"]
[Round "6.25"]
[White "He, Emma"]
[Black "Orlovskii, Konstantin"]
[Result "1-0"]
[WhiteElo "1981"]
[BlackElo "1734"]
[PlyCount "115"]
[EventDate "2022.05.21"]
[EventType "swiss"]
[EventRounds "6"]
[EventCountry "CAN"]

1. e4 c6 2. c4 d5 3. cxd5 cxd5 4. exd5 Qxd5 5. Nc3 Qe5+ 6. Be2 Nc6 7. Nf3 Qa5
8. d4 Bg4 9. h3 Bh5 10. O-O e6 11. Qb3 O-O-O 12. Be3 Qb4 13. Qc2 Nf6 14. a3 Qa5
15. b4 Qc7 16. Nb5 Qb8 17. Nxa7+ Qxa7 18. d5 Qxe3 19. fxe3 Nxd5 20. Qb3 Bd6 21.
b5 Nce7 22. a4 Kb8 23. Rfc1 Rc8 24. g4 Bg6 25. Nd4 Bc5 26. Nc6+ Rxc6 27. bxc6
Bxe3+ 28. Kf1 b6 29. c7+ Kb7 30. Rc4 Nc6 31. a5 Nd4 32. Qb2 e5 33. a6+ Ka7 34.
c8=Q Rxc8 35. Rxc8 Be4 36. Rd8 Nf4 37. Rd7+ Ka8 38. a7 Bg2+ 39. Ke1 Nfe6 40.
Qc3 Bc6 41. Ba6 Nc5 42. Rd8+ Kxa7 43. Bb5+ Kb7 44. Bxc6+ Kxc6 45. Ra7 Kb5 46.
Kd1 Bg5 47. Rxd4 exd4 48. Qxd4 Bf6 49. Qd2 Kc4 50. Qa2+ Kd4 51. Rxf7 b5 52.
Qf2+ Kc4 53. Rc7 Bd4 54. Qc2+ Kd5 55. Qxh7 b4 56. Qg8+ Ke4 57. Qc4 Nd3 58. Re7+
1-0